[Event "Yerevan op 1st"]
[Site "Yerevan"]
[Date "2016.10.03"]
[Round "2"]
[White "Harutjunyan, Gevorg"]
[Black "Israyelyan, Eduard"]
[Result "1-0"]
[WhiteElo "2426"]
[BlackElo "1856"]
[PlyCount "83"]
[EventDate "2016.10.02"]
[EventType "swiss"]
[EventRounds "9"]
[EventCountry "ARM"]
[SourceTitle "EXT 2017"]
[Source "ChessBase"]
[SourceDate "2016.10.25"]
[SourceVersion "1"]
[SourceVersionDate "2016.10.25"]
[SourceQuality "1"]

1. Nf3 Nf6 2. g3 d5 3. Bg2 c6 4. d3 Bg4 5. 0-0 Nbd7 6. Qe1 e6 7. Nbd2 Be7 8. e4 0-0 9. h3 Bh5 10. Kh1 Ne8 11. Nh2 Nc7 12. f4 f5 13. g4 Bg6 14. exf5 exf5 15. Ndf3 Bd6 16. Nh4 Qf6 17. Qg3 Ne6 18. g5 Qf7 19. N2f3 Rae8 20. Bd2 b5 21. Rae1 Nec5 22. Nd4 Nb8 23. Qf2 Ne6 24. Nxe6 Rxe6 25. Rxe6 Qxe6 26. Qxa7 Re8 27. Nf3 c5 28. Qb7 Qd7 29. Qb6 Nc6 30. Qxb5 Rb8 31. Qa4 Rxb2 32. Nh4 Bc7 33. Re1 Rb7 34. c4 Ra7 35. Qb5 Bf7 36. Nxf5 Qxf5 37. Qxc6 g6 38. Qxc5 Rxa2 39. Bb4 Qc8 40. cxd5 Qd8 41. d6 Bb6 42. Qe5 1-0